| 000 | 00891nam a2200253 i 4500 | ||
|---|---|---|---|
| 001 | 000036126 | ||
| 003 | DO-SdBNP | ||
| 005 | 20250912113027.0 | ||
| 007 | ta | ||
| 008 | 111214s1991 ch 000 0 spa d | ||
| 040 |
_aDO-SdBNP _aspa _cBNPHU _erda |
||
| 041 | 1 | 7 |
_aspa _2eng |
| 082 | 4 |
_axxx _bA636e _222 |
|
| 245 | 0 | 0 |
_aAnuario estadístico de América Latina y el Caribe = _bStatistical yearbook for Latin America and the Caribbean / |
| 246 | 1 | 0 | _aStatistical yearbook for Latin America and the Caribbean |
| 264 |
_aChile : _bComisión Económica para América Latina y el Caribe _bEconomic Commission for Latin America and the Caribbean, _c1991. |
||
| 300 |
_a774 páginas ; _c29 cm. |
||
| 310 | _aanuario | ||
| 336 |
_atexto _btxt _2rdacontent |
||
| 337 |
_asin mediación _bn _2rdamedia |
||
| 338 |
_avolumen _bnc _2rdacarrier |
||
| 546 | _aEspañol y inglés | ||
| 942 |
_2ddc _cLBS1 |
||
| 999 |
_c35617 _d35617 |
||